000 004560000a22001810004500
003 MACL
005 20150823122556.0
008 150823b xxu||||| |||| 00| 0 eng d
040 _aMACL
_cMACL
041 _aEnglish
082 _a650/KRI
100 _aKrishnamurthi, Kavita
_96978
245 _aAdvertising Management
260 _bGlobal Vision Publishing House
_c2007
_aNew Delhi
350 _a600
650 _aManagement
_96979
942 _cBK
_k650
_2ddc
999 _c8043
_d8043